000 00658nam a2200241 a 4500
999 _c11711
_d11711
001 11711
003 BD-JhCC
005 20200728091721.0
008 200728r11962013ii a|||| ||a| 000 0 eng d
020 _a9789382563198
035 _a(BD-JhCC)11711
040 _aBD-JhCC
_dBD-JhCC
041 _aeng
082 _a338.4791
_bSHA 2013
100 _aShakespeare,William
245 _aThe Comedy Of Errors /
_cWilliam Shakespeare, Edit: R. A. Foakes .
260 _aNew Dehli:
_bBloomsbury;
_c2013.
300 _a117 p. :
_bill;
_c20 cm.
650 _aTourism
_xSoutheast Asia
_zEast Asia
700 _aFoakes, R. A.
942 _2ddc
_cBK